| 000 | 00624nam a2200181Ia 4500 | ||
|---|---|---|---|
| 008 | 100921s9999 xx 000 0 und d | ||
| 082 |
_b19025 _a891.463 थ 83 |
||
| 100 | _aकुलकर्णी विनायक य. | ||
| 245 | _aअनाथांचा नाथ. | ||
| 260 |
_bइंद्रायणी साहित्य,पुणे. _c1983 |
||
| 300 |
_a205 _b--- |
||
| 365 | _b25 | ||
| 520 | _aललित-कादंबरी. | ||
| 630 | _aअनाथांचा नाथ. | ||
| 650 | _aललित-कादंबरी. | ||
| 730 | _aअनाथांचा नाथ. | ||
| 942 | _cBOOK | ||
| 999 |
_c768138 _d768135 |
||